000 00811nam a2200253Ia 4500
003 OSt
005 20221005044032.0
006 a|||||r|||| 00| 0
007 ta
008 221004b |||||||| |||| 00| 0 eng d
020 _a0824816994 (hbk)
_c1935.99
024 _a87528
037 _b11425, 10/01/2008, Overseas Press
_cTextual
040 _aCRL
_cCRL
_beng
041 _2eng
_aeng
082 _aQ4:332.49G, N7
100 _aSchober Juliane Ed.
_933501
245 0 _aSacred biography in the Buddhist traditions of South and Southeast Asia
260 _aHonolulu
_bUniversity of Hawaii Press Hawaii
_c1997
300 _axi,366p.
_ccm.
650 _aRELIGION
942 _hQ4:332.49G, N7
_cTEXL
_2cc
999 _c952789
_d952789